[Event "Politiken Cup 33rd"]
[Site "Helsingor"]
[Date "2011.07.31"]
[Round "3"]
[White "Rodvik, Trym Daniel"]
[Black "Abildgaard, Kim"]
[Result "1-0"]
[WhiteElo "1843"]
[BlackElo "1446"]
[PlyCount "37"]
[EventDate "2011.07.30"]
[EventType "swiss"]
[EventRounds "10"]
[EventCountry "DEN"]
[SourceTitle "CBM 143 Extra"]
[Source "ChessBase"]
[SourceDate "2011.08.29"]
[SourceVersion "1"]
[SourceVersionDate "2011.08.29"]
[SourceQuality "1"]

1. e4 e5 2. Nf3 d6 3. d4 exd4 4. Nxd4 h6 5. Nc3 Nf6 6. h3 Be7 7. Be3 Bd7 8. Bc4 Nc6 9. Qd2 Ne5 10. Bb3 a6 11. f4 Ng6 12. g4 c5 13. Nf5 Bxf5 14. gxf5 Nh4 15. Qf2 Nd7 16. Rg1 g6 17. fxg6 Nxg6 18. 0-0-0 Nb6 19. Bxc5 1-0